ბათუმის შოთა რუსთაველის სახელმწიფო უნივერსიტეტის ბიბლიოთეკა

ფერმერთა საინფორმაციო-საკონსულტაციო მომსახურება : (ბიბ.ჩანაწერი № 46273)

000 -ლიდერი
ფიქსირებული სიგრძის საკონტროლო ველი 02058nam a2200301Ia 4500
001 - საკონტროლო ნომერი
საკონტროლო ველი 13107
003 - საკონტროლო ნომრის იდენტიფიკატორი
საკონტროლო ველი GE_BSU
005 - ბოლო ოპერაციის თარიღი და დრო
საკონტროლო ველი 20240819165134.0
008 - ფიქსირებული სიგრძის მონაცემთა ელემენტები - ზოგადი ინფორმაცია
ფიქსირებული სიგრძის საკონტროლო ველი 181216s2013||||ge |||||||||||||| ||geo||
020 ## - წიგნის საერთაშორისო სტანდარტული ნომერი
International Standard Book Number 9789941442032
040 ## - კატალოგიზაციის წყარო
Transcribing agency GE_BSU
041 ## - ენის კოდი
Language code of text/sound track or separate title geo
080 ## - უნივერსალური ათობითი კლასიფიკაციის ინდექსი
Universal Decimal Classification number 631.115.1(072) ბ-33
100 ## - მთავარი ჩანაწერი - პიროვნების სახელი
Personal name ბაღდაძე, ა.
9 (RLIN) 23086
245 ## - ცნობა სათაურის შესახებ
Title ფერმერთა საინფორმაციო-საკონსულტაციო მომსახურება :
Remainder of title მეთოდური სახელმძღვანელო ექსტენციის კონსულტანტებისთვის /
Statement of responsibility, etc ა. ბაღდაძე ; სარედაქციო კოლეგია : რევაზ საყვარელიძე, თამარ სანიკიძე, პავლე დოლიძე.
264 ## - წარმოების, გამოცემის, დისტრიბუციის და სხვა ცნობები
გამოცემის, წარმოების, დისტრიბუციის... ადგილი თბილისი :
გამოცემის, წარმოების, დისტრიბუციის... სახელწოდება საუნჯე,
გამოცემის, წარმოების, დისტრიბუციის... თარიღი [2013].
300 ## - ფიზიკური აღწერა
Extent 108 გვ. ;
Dimensions 29 სმ.
500 ## - ზოგადი შენიშვნა
General note გამოცემულია გაეროს განვითარების პროგრამის (UNDP) მიერ შვედეთის საერთაშორისო განვითარების სააგენტოს ფინანსური ხელშეწყობით.
500 ## - ზოგადი შენიშვნა
General note ყდაზე ავტ. მითით. არ არის
504 ## - BIBLIOGRAPHY, ETC. NOTE
Bibliography, etc ბიბლიოგრ. გვ. 108
653 ## - INDEX TERM--UNCONTROLLED
Uncontrolled term ფერმერთა საინფორმაციო-საკონსულტაციო მომსახურება
653 ## - INDEX TERM--UNCONTROLLED
Uncontrolled term ფერმერული მეურნეობები
653 ## - INDEX TERM--UNCONTROLLED
Uncontrolled term სოფლის მეურნეობა
700 ## - ADDED ENTRY--PERSONAL NAME
Personal name საყვარელიძე, რევაზ
Relator term რედაქტორი
9 (RLIN) 23087
700 ## - ADDED ENTRY--PERSONAL NAME
Personal name სანიკიძე, თამარ
Relator term რედაქტორი
9 (RLIN) 23088
700 ## - ADDED ENTRY--PERSONAL NAME
Personal name დოლიძე, პავლე
Relator term რედაქტორი
9 (RLIN) 23089
942 ## - ADDED ENTRY ELEMENTS (KOHA)
Koha item type წიგნი
Source of classification or shelving scheme
ეგზემპლარები
ჩამოწერის სტატუსი დაკარგული ეგზემპლარის სტატუსი კლასიფიკაციის წყარო ან თაროზე გაწყობის სქემა დაზიანების სტატუსი არ გაიცემა მუდმივი მდებარეობა (დაცვის ადგილი) ამჟამინდელი ადგილსამყოფელი თაროზე განთავსების ადგილი შეძენის თარიღი სრული შენახვის შიფრი შტრიხკოდი ბოლო ოპერაციის თარიღი ეგზემპლარის მიმდევრობითი ნომერი (კეტერი?) ფასის ძალაში შესვლის თარიღი ეგზემპლარის სახეობა
          ბათუმის შოთა რუსთაველის სახელმწიფო უნივერსიტეტის მთავარი ბიბლიოთეკა ბათუმის შოთა რუსთაველის სახელმწიფო უნივერსიტეტის მთავარი ბიბლიოთეკა წიგნსაცავი 2018-12-17 631.115.1(072) ბ-33 27176 2018-12-17 27176 2018-12-17 წიგნი
          ბათუმის შოთა რუსთაველის სახელმწიფო უნივერსიტეტის მთავარი ბიბლიოთეკა ბათუმის შოთა რუსთაველის სახელმწიფო უნივერსიტეტის მთავარი ბიბლიოთეკა წიგნსაცავი 2018-12-17 631.115.1(072) ბ-33 27177 2018-12-17 27177 2018-12-17 წიგნი
          ბათუმის შოთა რუსთაველის სახელმწიფო უნივერსიტეტის მთავარი ბიბლიოთეკა ბათუმის შოთა რუსთაველის სახელმწიფო უნივერსიტეტის მთავარი ბიბლიოთეკა წიგნსაცავი 2018-12-17 631.115.1(072) ბ-33 27178 2018-12-17 27178 2018-12-17 წიგნი